00309pab a2200121 454500008004000000100002100040245006600061260000900127300001300136362001100149650001200160773001500172180718b2011 xxu||||| |||| 00| 0 eng d aChhibber, Bharti aMan-elephant conflict: Animal rights are akin to human rights c2011 ap.15-17. a23 Jul aAnimals aMainstream